000 00336nam a22001457a 4500
008 221121b ||||| |||| 00| 0 eng d
020 _a2901119257263
041 _aeng
080 _2SIXTH EDITION
_a61
082 _a61WHI
100 _a4
101 _aMJK
245 _aADULT DEVELOPMENT AND AGING
_cWHITBOURNE K.S
942 _2udc
_cBK
999 _c58992
_d58992